MARC

Tag First Indicator Second Indicator Subfields
LEADER 00000nam a2200000Mi 4500
001 in00005606830
003 OCoLC
005 20191211142633.2
006 m o d
007 cr cn|||||||||
008 140507t20142014gw a ob 000 0 eng d
024 8 |a 90100663737 
040 |a E7B  |b eng  |e rda  |e pn  |c E7B  |d OCLCO  |d EBLCP  |d N$T  |d ZCU  |d DEBSZ  |d OCLCF  |d YDXCP  |d CDX  |d IDEBK  |d OCLCQ  |d OCL  |d AGLDB  |d MERUC  |d CCO  |d PIFBY  |d OCLCQ  |d OCLCO  |d U3W  |d OCLCA  |d OCLCQ  |d OCLCO  |d OCLCQ 
019 |a 875098130  |a 879431058  |a 879520360  |a 961572916  |a 962666443 
020 |a 9783653037883  |q (e-book) 
020 |a 3653037883  |q (e-book) 
020 |a 1306712866  |q (ebk) 
020 |a 9781306712866  |q (ebk) 
020 |z 9783631645840 
020 |z 3631645848 
028 5 2 |a Best.-Nr.: 264584 
035 |a (OCoLC)880451007  |z (OCoLC)875098130  |z (OCoLC)879431058  |z (OCoLC)879520360  |z (OCoLC)961572916  |z (OCoLC)962666443 
037 |a 602537  |b MIL 
043 |a s-ec---  |a s-bl---  |a n-mx---  |a cl----- 
050 4 |a HC130.P6  |b C93 2014 
072 7 |a BUS  |x 039000  |2 bisacsh 
072 7 |a POL  |x 023000  |2 bisacsh 
082 0 4 |a 339.4/6098  |2 23 
084 |a MS 1240  |2 rvk 
084 |a 330  |2 sdnb 
100 1 |a Czarnecki, Łukasz,  |d 1980-  |e author. 
245 1 0 |a Poverty and inequality in Ecuador, Brazil and Mexico after the 2008 global crisis /  |c Lukasz Czarnecki, Erik Balleza, Mayra Sáenz. 
264 1 |a Frankfurt am Main [Germany] :  |b PL Academic Research,  |c 2014. 
264 4 |c ©2014 
300 |a 1 online resource ( 80 pages) :  |b illustrations, tables, graphs. 
336 |a text  |b txt  |2 rdacontent 
337 |a computer  |b c  |2 rdamedia 
338 |a online resource  |b cr  |2 rdacarrier 
490 0 |a KoŹmiński Studies in Management and Economics,  |x 2196-131X ;  |v Volume 2 
588 0 |a Print version record. 
504 |a Includes bibliographical references. 
505 0 |a Cover; Contents; Preface; Part I. Introduction. Lukasz Czarnecki; Part II. The social inequality and poverty after the 2008 crisis. The case of Ecuador. Mayra Sáenz; The case of Brazil. Erik Balleza; The case of Mexico. Lukasz Czarnecki; Part III. Final conclusion. Lukasz Czarnecki; About the authors; Acknowledgment. 
611 2 7 |a Global Financial Crisis (2008-2009)  |2 fast  |0 (OCoLC)fst01755654 
650 0 |a Poverty  |z Ecuador. 
650 0 |a Poverty  |z Brazil. 
650 0 |a Poverty  |z Mexico. 
650 0 |a Global Financial Crisis, 2008-2009. 
651 0 |a Latin America  |x Economic conditions. 
651 0 |a Latin America  |x Social conditions. 
650 7 |a BUSINESS & ECONOMICS  |x Economics  |x Macroeconomics.  |2 bisacsh 
650 7 |a POLITICAL SCIENCE  |x Economic Conditions.  |2 bisacsh 
650 7 |a Economic history.  |2 fast  |0 (OCoLC)fst00901974 
650 7 |a Poverty.  |2 fast  |0 (OCoLC)fst01074093 
650 7 |a Social conditions  |2 fast  |0 (OCoLC)fst01919811 
651 7 |a Brazil.  |2 fast  |0 (OCoLC)fst01206830 
651 7 |a Ecuador.  |2 fast  |0 (OCoLC)fst01205578 
651 7 |a Latin America.  |2 fast  |0 (OCoLC)fst01245945 
651 7 |a Mexico.  |2 fast  |0 (OCoLC)fst01211700 
648 7 |a 2008-2009  |2 fast 
655 7 |a Electronic books.  |2 local 
700 1 |a Balleza, Erik,  |e author. 
700 1 |a Sáenz, Mayra,  |e author. 
710 2 |a ProQuest (Firm) 
776 1 8 |i Print version:  |a Czarnecki, Lukasz, 1980-  |t Poverty and inequality in Ecuador, Brazil and Mexico after the 2008 global crisis.  |d Frankfurt am Main, [Germany] : PL Academic Research, ©2014  |h 73 pages  |k KoŹmiński Studies in Management and Economics ; Volume 2  |x 2196-131X  |z 9783631645840 
856 4 0 |u https://ebookcentral.proquest.com/lib/tamucs/detail.action?docID=1658054  |z Connect to the full text of this electronic book  |t 0 
945 |b 257995 
955 |a YBP purchased DDA e-records 
980 |b ebook  |c 90100663737  |f DDA  |g 565701  |k USD  |m 117.38  |q 1  |s AcqMono Conventional  |t Demand driven acquisitions (DDA)  |u Vendor order reference number  |v ZYBP  |y PDA  |z Electronic resource 
999 f f |i 2f32a2f7-f97a-4c29-851c-3e2a919ec20a  |s 6f1bd5d2-361c-43c6-9f6f-5fced68db836  |t 0 
952 f f |a Texas A&M University  |b College Station  |c Electronic Resources  |s www_evans  |d Available Online  |t 0  |e HC130.P6 C93 2014  |h Library of Congress classification